MARC details
| 000 -LEADER |
| fixed length control field |
02675nam a2200337 a 4500 |
| 008 - FIXED-LENGTH DATA ELEMENTS--GENERAL INFORMATION |
| fixed length control field |
101012s2005 ||||||||||||||||| || u |
| 020 ## - INTERNATIONAL STANDARD BOOK NUMBER |
| International Standard Book Number |
9780761942177 |
| 050 ## - LIBRARY OF CONGRESS CALL NUMBER |
| Classification number |
LB 2369 Har |
| 100 ## - MAIN ENTRY--PERSONAL NAME |
| Personal name |
Hart, Chris |
| 245 10 - TITLE STATEMENT |
| Title |
Doing your masters dissertation: realising your potential as a social scientist |
| Statement of responsibility, etc. |
by Chris Hart |
| 260 ## - PUBLICATION, DISTRIBUTION, ETC. |
| Place of publication, distribution, etc. |
London: |
| Name of publisher, distributor, etc. |
SAGE Publications |
| Date of publication, distribution, etc. |
2005 |
| 300 ## - PHYSICAL DESCRIPTION |
| Extent |
xiii, 481p.: ill. |
| 350 ## - |
| -- |
0.00 |
| 490 ## - |
| -- |
SAGE essential study skills |
| 500 ## - GENERAL NOTE |
| General note |
Includes Bibliography |
| 650 ## - SUBJECT ADDED ENTRY--TOPICAL TERM |
| Topical term or geographic name entry element |
RESEARCH COLLABORATION |
| 650 #0 - SUBJECT ADDED ENTRY--TOPICAL TERM |
| Topical term or geographic name entry element |
DISSERTATIONS, ACADEMIC |
| 650 #0 - SUBJECT ADDED ENTRY--TOPICAL TERM |
| Topical term or geographic name entry element |
SOCIAL SCIENCES--RESEARCH--METHODOLOGY |
| 995 ## - |
| -- |
ANNEX COLLECTION (Main Library) |
| -- |
742857 |
| -- |
CBU-MAIN LIBRARY (Kitwe) |
| -- |
0.00 |
| -- |
LB 2369 Har |
| -- |
5 |
| -- |
AVAILABLE |
| -- |
Jun 21, 2012 |
| -- |
742857 |
| -- |
Annex Low-Usage Collection |
| 995 ## - |
| -- |
MAIN LIBRARY OPEN ACCESS |
| -- |
744485 |
| -- |
CBU-MAIN LIBRARY (Kitwe) |
| -- |
0.00 |
| -- |
LB 2369 Har |
| -- |
10 |
| -- |
AVAILABLE |
| -- |
Sep 17, 2013 |
| -- |
744485 |
| -- |
Main Library Open Access Collection |
| 995 ## - |
| -- |
MAIN LIBRARY OPEN ACCESS |
| -- |
0.00 |
| -- |
741820 |
| -- |
CBU-MAIN LIBRARY (Kitwe) |
| -- |
1 |
| -- |
0.00 |
| -- |
LB 2369 Har |
| -- |
3 |
| -- |
AVAILABLE |
| -- |
Jan 4, 2011 |
| -- |
741820 |
| -- |
Main Library Open Access Collection |
| 995 ## - |
| -- |
MAIN LIBRARY OPEN ACCESS |
| -- |
744483 |
| -- |
CBU-MAIN LIBRARY (Kitwe) |
| -- |
0.00 |
| -- |
LB 2369 Har |
| -- |
8 |
| -- |
AVAILABLE |
| -- |
Sep 17, 2013 |
| -- |
744483 |
| -- |
Main Library Open Access Collection |
| 995 ## - |
| -- |
KAPASA MAKASA LIBRARY OPEN ACCESS |
| -- |
748374 |
| -- |
CBU-KAPASA MAKASA LIBRARY (Chinsali) |
| -- |
0.00 |
| -- |
LB 2369 Har |
| -- |
11 |
| -- |
AVAILABLE |
| -- |
Aug 13, 2018 |
| -- |
748374 |
| -- |
Kapasa Makasa Library Open Acess Collection |
| 995 ## - |
| -- |
MAIN LIBRARY OPEN ACCESS |
| -- |
744482 |
| -- |
CBU-MAIN LIBRARY (Kitwe) |
| -- |
0.00 |
| -- |
LB 2369 Har |
| -- |
7 |
| -- |
AVAILABLE |
| -- |
Sep 17, 2013 |
| -- |
744482 |
| -- |
Main Library Open Access Collection |
| 995 ## - |
| -- |
ANNEX COLLECTION (Main Library) |
| -- |
742954 |
| -- |
CBU-MAIN LIBRARY (Kitwe) |
| -- |
0.00 |
| -- |
LB 2369 Har |
| -- |
6 |
| -- |
AVAILABLE |
| -- |
Jun 28, 2012 |
| -- |
742954 |
| -- |
Annex Low-Usage Collection |
| 995 ## - |
| -- |
ANNEX COLLECTION (Main Library) |
| -- |
744484 |
| -- |
CBU-MAIN LIBRARY (Kitwe) |
| -- |
0.00 |
| -- |
LB 2369 Har |
| -- |
9 |
| -- |
AVAILABLE |
| -- |
Sep 17, 2013 |
| -- |
744484 |
| -- |
Annex Low-Usage Collection |
| 995 ## - |
| -- |
MAIN LIBRARY OPEN ACCESS |
| -- |
0.00 |
| -- |
741773 |
| -- |
CBU-MAIN LIBRARY (Kitwe) |
| -- |
1 |
| -- |
0.00 |
| -- |
LB 2369 Har |
| -- |
1 |
| -- |
AVAILABLE |
| -- |
Nov 3, 2010 |
| -- |
741773 |
| -- |
Main Library Open Access Collection |
| 995 ## - |
| -- |
SHORT LOAN BOOKS |
| -- |
0.00 |
| -- |
742221 |
| -- |
CBU-MAIN LIBRARY (Kitwe) |
| -- |
1 |
| -- |
0.00 |
| -- |
LB 2369 Har |
| -- |
2 |
| -- |
AVAILABLE |
| -- |
Dec 8, 2010 |
| -- |
742221 |
| -- |
Short Loan Collection |
| 995 ## - |
| -- |
SHORT LOAN BOOKS |
| -- |
0.00 |
| -- |
741810 |
| -- |
CBU-MAIN LIBRARY (Kitwe) |
| -- |
1 |
| -- |
0.00 |
| -- |
LB 2369 Har |
| -- |
4 |
| -- |
AVAILABLE |
| -- |
Jan 6, 2011 |
| -- |
741810 |
| -- |
Short Loan Collection |
| 995 ## - |
| -- |
KAPASA MAKASA LIBRARY OPEN ACCESS |
| -- |
748375 |
| -- |
CBU-KAPASA MAKASA LIBRARY (Chinsali) |
| -- |
0.00 |
| -- |
LB 2369 Har |
| -- |
12 |
| -- |
AVAILABLE |
| -- |
Aug 13, 2018 |
| -- |
748375 |
| -- |
Kapasa Makasa Library Open Acess Collection |
| 999 ## - |
| -- |
63621 |
| -- |
63621 |